000 00966nam a2200253Ia 4500
003 OSt
005 20221005112410.0
006 a|||||r|||| 00| 0
007 ta
008 221004b |||||||| |||| 00| 0 pan d
020 _a9789385609930 (hbk)
_cINR 180.00
024 _a45281
037 _bSP/6266, 11/02/2019, Star Publications Pvt. Ltd.
_cTextual
040 _aCRL
_cCRL
_bpan
041 _2pan
_apan
082 _aQ21:226, 153Q9
100 _aFੌਕੀ, ਗੁਲਗ਼ਾਰ ਸਿੰਘ, ਂਚ.
245 0 _aਮਹਾਂਰਿFੀ ਬਾਲਮੀਕਿ ਜੀ ਦਾ ਵਿਅਕਤੀਤਵ
260 _aਸਮਾਣਾ
_bਨਵਰਤਗ ਪਬਲੀਕੇFਨਗ਼ ਭਾਰਤ
_c2019
300 _a112ਪ੍ਰ0
_ccm.
650 _aਧਰਮ
942 _hQ21:226, 153Q9
_cTEXL
_2cc
999 _c1024760
_d1024760